Library Banner

Al darasat ul Islamia/ (Record no. 96608)

MARC details
000 -LEADER
fixed length control field 00363nam a22001337a 4500
005 - DATE AND TIME OF LATEST TRANSACTION
control field 20170807122837.0
008 - FIXED-LENGTH DATA ELEMENTS--GENERAL INFORMATION
fixed length control field 170807b xxu||||| |||| 00| 0 eng d
040 ## - CATALOGING SOURCE
Transcribing agency PK-LaUMT
082 ## - DEWEY DECIMAL CLASSIFICATION NUMBER
Classification number ZIAC 297.05
Item number ALD-
245 ## - TITLE STATEMENT
Title Al darasat ul Islamia/
260 ## - PUBLICATION, DISTRIBUTION, ETC. (IMPRINT)
Place of publication, distribution, etc اسلام آباد:
Name of publisher, distributor, etc مجمع البحوث الاسلامیہ،
Date of publication, distribution, etc [ ]
300 ## - PHYSICAL DESCRIPTION
Extent 204 ص
942 ## - ADDED ENTRY ELEMENTS (KOHA)
Koha item type Books
Holdings
Withdrawn status Lost status Damaged status Home library Current library Date acquired Full call number Barcode Date last seen Price effective from Koha item type
      UMT Main Campus UMT Main Campus 2017-08-07 ZIAC 297.05 ALD- 112197 2017-08-07 2017-08-07 Books